[Event "GER-chT U16"]
[Site "Magdeburg"]
[Date "2019.12.28"]
[Round "4.5"]
[White "Glinzner, Alva"]
[Black "Rabe, Maximilian"]
[Result "1-0"]
[WhiteElo "1812"]
[BlackElo "1569"]
[PlyCount "59"]
[EventDate "2019.12.27"]
[EventType "team-swiss"]
[EventRounds "7"]
[EventCountry "GER"]
[SourceTitle "CBM 194 Extra"]
[Source "ChessBase"]
[SourceDate "2020.03.31"]
[SourceVersion "1"]
[SourceVersionDate "2020.03.31"]
[SourceQuality "1"]
[WhiteTeam "Luebeck"]
[BlackTeam "Delmenhorst"]
[WhiteTeamCountry "GER"]
[BlackTeamCountry "GER"]

1. e4 e5 2. Nf3 Nc6 3. Bb5 a6 4. Ba4 Nf6 5. d3 b5 6. Bb3 d6 7. c3 Be7 8. h3 0-0 9. 0-0 Bb7 10. Re1 Na5 11. Bc2 c5 12. Nbd2 Qc7 13. Nf1 Rac8 14. Ng3 Rfe8 15. Nf5 Bf8 16. Nh2 Kh8 17. Ng4 Nxg4 18. hxg4 Nc6 19. Qf3 Ne7 20. Qh3 Ng6 21. g3 Ne7 22. Nh4 Rcd8 23. Kg2 Bc8 24. Rh1 h5 25. Nf3 f6 26. Qxh5+ Kg8 27. g5 f5 28. g6 Nxg6 29. Qxg6 f4 30. Ng5 1-0

[Event "JBLN West 1819"]
[Site "Germany"]
[Date "2019.05.05"]
[Round "7.5"]
[White "Rabe, Maximilian"]
[Black "Tiedemann, Fin Niklas"]
[Result "0-1"]
[WhiteElo "1617"]
[BlackElo "1949"]
[PlyCount "72"]
[EventDate "2018.09.23"]
[EventType "team-tourn"]
[EventRounds "9"]
[EventCountry "GER"]
[SourceTitle "EXT 2020"]
[Source "ChessBase"]
[SourceDate "2019.10.17"]
[SourceVersion "1"]
[SourceVersionDate "2019.10.17"]
[SourceQuality "1"]
[WhiteTeam "Delmenhorst U20"]
[BlackTeam "Luebeck SV U20"]
[WhiteTeamCountry "GER"]
[BlackTeamCountry "GER"]

1. e4 e5 2. Bc4 Nf6 3. Nf3 Nc6 4. Ng5 d5 5. exd5 Na5 6. Bb5+ c6 7. dxc6 bxc6 8. Bd3 h6 9. Ne4 Nd5 10. Ng3 Nf4 11. Be4 Be7 12. d3 0-0 13. 0-0 Rb8 14. Qf3 Qc7 15. b3 f5 16. Re1 fxe4 17. Qxe4 Bd6 18. Na3 c5 19. Bxf4 exf4 20. Qd5+ Kh8 21. Ne4 Be5 22. Rad1 Bg4 23. Nxc5 Bc3 24. Ne6 Qf7 25. f3 Bxe1 26. Rxe1 Bxe6 27. Qxa5 Qd7 28. Qc5 Rf5 29. Qc3 Rg5 30. Kh1 Rc8 31. Qb4 Qf7 32. d4 Qg6 33. Re2 Bd5 34. Qe1 Rxg2 35. Rxg2 Bxf3 36. Qf2 Re8 0-1

[Event "Bremen-ch"]
[Site "Bremen"]
[Date "2019.04.15"]
[Round "4.12"]
[White "Sommer, Andreas"]
[Black "Rabe, Maximilian"]
[Result "1-0"]
[WhiteElo "1769"]
[BlackElo "1617"]
[PlyCount "53"]
[EventDate "2019.04.13"]
[EventType "swiss"]
[EventRounds "9"]
[EventCountry "GER"]
[SourceTitle "EXT 2020"]
[Source "ChessBase"]
[SourceDate "2019.10.17"]
[SourceVersion "1"]
[SourceVersionDate "2019.10.17"]
[SourceQuality "1"]

1. d4 d5 2. c4 e6 3. Nf3 Nf6 4. Bg5 Be7 5. e3 0-0 6. Nc3 Nbd7 7. Bd3 dxc4 8. Bxc4 b6 9. 0-0 Bb7 10. Rc1 h6 11. Bh4 c5 12. Be2 Rc8 13. dxc5 Nxc5 14. Qxd8 Rfxd8 15. Rfd1 a5 16. Nd4 g5 17. Bg3 Nfe4 18. Nxe4 Nxe4 19. Bc7 Rd7 20. Bxb6 Rxc1 21. Rxc1 e5 22. Nf5 Bd8 23. Bxd8 Rxd8 24. Rd1 Rxd1+ 25. Bxd1 Kh7 26. Bc2 Kg6 27. Nd6 1-0

[Event "Niedersachsen-ch op B"]
[Site "Verden"]
[Date "2019.01.03"]
[Round "1"]
[White "Sturm, Hubert"]
[Black "Rabe, Maximilian"]
[Result "1/2-1/2"]
[WhiteElo "1643"]
[BlackElo "1642"]
[PlyCount "83"]
[EventDate "2019.01.03"]
[EventType "swiss"]
[EventRounds "7"]
[EventCountry "GER"]
[SourceTitle "EXT 2022"]
[Source "ChessBase"]
[SourceDate "2021.10.06"]
[SourceVersion "1"]
[SourceVersionDate "2021.10.06"]
[SourceQuality "1"]

1. c4 e5 2. Nc3 Nf6 3. g3 Be7 4. Bg2 0-0 5. e3 d6 6. Nge2 Nbd7 7. d4 c6 8. 0-0 Re8 9. b3 Bf8 10. Bb2 e4 11. Qc2 d5 12. Rac1 Bd6 13. cxd5 cxd5 14. Nb5 Nf8 15. Nc7 Bxc7 16. Qxc7 Qxc7 17. Rxc7 b6 18. Rfc1 Ne6 19. R7c3 Ba6 20. Nf4 Nxf4 21. gxf4 Rac8 22. Bh3 Rxc3 23. Rxc3 Re7 24. Ba3 Re8 25. Rc7 Ra8 26. Be7 Ne8 27. Rc3 g6 28. Bd7 Bb7 29. b4 Kg7 30. b5 f5 31. Bh4 Kf7 32. Bxe8+ Kxe8 33. Rc7 Bc8 34. Rxh7 Kf8 35. Rc7 Be6 36. Bf6 Rc8 37. Be5 Rxc7 38. Bxc7 Ke7 39. Bb8 Kd7 40. a4 Kc8 41. Bd6 Kb7 42. Kf1 1/2-1/2

[Event "JBLN West 1819"]
[Site "Germany"]
[Date "2018.11.04"]
[Round "2.5"]
[White "Schmidt, Aliyah Renee"]
[Black "Rabe, Maximilian"]
[Result "0-1"]
[WhiteElo "1548"]
[BlackElo "1617"]
[PlyCount "56"]
[EventDate "2018.09.23"]
[EventType "team-tourn"]
[EventRounds "9"]
[EventCountry "GER"]
[SourceTitle "EXT 2020"]
[Source "ChessBase"]
[SourceDate "2019.10.17"]
[SourceVersion "1"]
[SourceVersionDate "2019.10.17"]
[SourceQuality "1"]
[WhiteTeam "Weisse Dame U20"]
[BlackTeam "Delmenhorst U20"]
[WhiteTeamCountry "GER"]
[BlackTeamCountry "GER"]

1. e4 e5 2. Nf3 Nc6 3. d4 exd4 4. Nxd4 Nf6 5. Nxc6 bxc6 6. e5 Qe7 7. Qe2 Nd5 8. c4 Ba6 9. b3 Qh4 10. Bb2 Bb4+ 11. Nd2 0-0 12. g3 Bxd2+ 13. Kxd2 Qe7 14. Qg4 f5 15. exf6 Nxf6 16. Qd4 Ne4+ 17. Kc2 Rxf2+ 18. Kc1 Raf8 19. Bd3 Qg5+ 20. Kb1 Nd2+ 21. Kc2 Nxc4+ 22. Kb1 Rxb2+ 23. Qxb2 Nxb2 24. Bxa6 Qd2 25. a4 Rb8 26. Ra3 Nxa4 27. Bc4+ d5 28. Rxa4 dxc4 0-1

[Event "Niedersachsen-ch op-C"]
[Site "Verden"]
[Date "2016.01.04"]
[Round "4"]
[White "Rabe, Maximilian"]
[Black "Scheidt, Mike Niklas"]
[Result "0-1"]
[WhiteElo "1204"]
[BlackElo "1393"]
[PlyCount "50"]
[EventDate "2016.01.03"]
[EventType "swiss"]
[EventRounds "7"]
[EventCountry "GER"]
[SourceTitle "EXT 2018"]
[Source "ChessBase"]
[SourceDate "2017.10.13"]
[SourceVersion "1"]
[SourceVersionDate "2017.10.13"]
[SourceQuality "1"]

1. e4 d5 2. exd5 Qxd5 3. Nc3 Qa5 4. d4 Nf6 5. Nf3 Bg4 6. h3 Bh5 7. Bc4 Nc6 8. Qd3 0-0-0 9. 0-0 e5 10. Qf5+ Kb8 11. dxe5 Bxf3 12. Qxf3 Nxe5 13. Qe2 Bd6 14. Bb3 Rhe8 15. Bg5 Neg4 16. Qf3 Nh2 17. Qd3 Nxf1 18. Kxf1 Qxg5 19. Rd1 Re7 20. Nd5 Nxd5 21. Bxd5 c6 22. Bf3 Bc7 23. Qxh7 Qb5+ 24. Rd3 Rxd3 25. Kg1 Re1# 0-1

[Event "GER-chT U14"]
[Site "Verden"]
[Date "2015.12.27"]
[Round "1.4"]
[White "Rabe, Maximilian"]
[Black "Wenzel, Sander"]
[Result "1-0"]
[WhiteElo "1204"]
[BlackElo "1145"]
[PlyCount "57"]
[EventDate "2015.12.27"]
[EventType "team-swiss"]
[EventRounds "7"]
[EventCountry "GER"]
[SourceTitle "EXT 2017"]
[Source "ChessBase"]
[SourceDate "2016.10.25"]
[SourceVersion "1"]
[SourceVersionDate "2016.10.25"]
[SourceQuality "1"]
[WhiteTeam "Delmenhorst"]
[BlackTeam "Bann"]
[WhiteTeamCountry "GER"]
[BlackTeamCountry "GER"]

1. e4 e5 2. Nf3 d6 3. Bc4 Be6 4. Bb3 Nf6 5. Nc3 Nc6 6. d3 g6 7. 0-0 Bg7 8. Be3 Qd7 9. Ba4 a6 10. d4 exd4 11. Nxd4 0-0 12. Qf3 d5 13. Nxc6 bxc6 14. exd5 Bxd5 15. Nxd5 Nxd5 16. Rad1 Qe6 17. Bxc6 Qxc6 18. Qxd5 Qxc2 19. Rd2 Qa4 20. Rc1 Rac8 21. b3 Qb5 22. Qxb5 axb5 23. Rc5 c6 24. Rdc2 Rfd8 25. f3 Rd6 26. Rxb5 cxb5 27. Rxc8+ Bf8 28. Bh6 f6 29. Rxf8# 1-0

[Event "Niedersachsen-ch op-B"]
[Site "Verden"]
[Date "2015.01.04"]
[Round "5"]
[White "Kuipers, Hartmut"]
[Black "Rabe, Maximilian"]
[Result "1/2-1/2"]
[WhiteElo "1052"]
[BlackElo "976"]
[PlyCount "59"]
[EventDate "2015.01.02"]
[EventType "swiss"]
[EventRounds "7"]
[EventCountry "GER"]
[SourceTitle "EXT 2018"]
[Source "ChessBase"]
[SourceDate "2017.10.13"]
[SourceVersion "1"]
[SourceVersionDate "2017.10.13"]
[SourceQuality "1"]

1. d4 d5 2. c4 e6 3. Nc3 Nf6 4. Bg5 Be7 5. Nf3 0-0 6. e3 Nc6 7. Bd3 b6 8. 0-0 Bb7 9. Qc2 h6 10. Bh4 Nb4 11. Qe2 Nxd3 12. Qxd3 c5 13. a3 a6 14. Rfb1 dxc4 15. Qxc4 Bxf3 16. gxf3 b5 17. Qd3 c4 18. Qe2 Nd5 19. Bg3 Nxc3 20. bxc3 h5 21. h3 h4 22. Bh2 Bd6 23. Bxd6 Qxd6 24. a4 Qc6 25. axb5 axb5 26. e4 Rxa1 27. Rxa1 Re8 28. Ra7 Ra8 29. Qa2 Rxa7 30. Qxa7 1/2-1/2

[Event "Niedersachsen-ch op-B"]
[Site "Verden"]
[Date "2015.01.02"]
[Round "2"]
[White "Rabe, Maximilian"]
[Black "Fischer, Manfred"]
[Result "0-1"]
[WhiteElo "976"]
[BlackElo "1830"]
[PlyCount "156"]
[EventDate "2015.01.02"]
[EventType "swiss"]
[EventRounds "7"]
[EventCountry "GER"]
[SourceTitle "EXT 2018"]
[Source "ChessBase"]
[SourceDate "2017.10.13"]
[SourceVersion "1"]
[SourceVersionDate "2017.10.13"]
[SourceQuality "1"]

1. e4 e5 2. Nf3 Nc6 3. d4 exd4 4. Nxd4 d6 5. Bb5 Bd7 6. 0-0 Nf6 7. Bg5 Be7 8. Nc3 0-0 9. Qd3 Ne5 10. Qe2 c6 11. Bc4 Bg4 12. f3 Qb6 13. Be3 Qb4 14. Bd3 Bh5 15. Qd2 Nxd3 16. Qxd3 Qa5 17. Nf5 Qc7 18. Bf4 Rfd8 19. Rfd1 Ne8 20. b4 a6 21. a4 Bg6 22. Nxe7+ Qxe7 23. b5 axb5 24. axb5 Rxa1 25. Rxa1 d5 26. bxc6 dxe4 27. Qe3 bxc6 28. fxe4 Rc8 29. Ra7 Qb4 30. Ra4 Qe7 31. Ra7 Qb4 32. Ra4 Qe7 33. Ra7 Qe6 34. Qd4 h6 35. Ra6 Nf6 36. e5 Nd5 37. Nxd5 Qxd5 38. Qxd5 cxd5 39. Ra5 Rxc2 40. Rxd5 Be4 41. Rd2 Rc8 42. Be3 Rb8 43. Rd4 Rb1+ 44. Kf2 Rb2+ 45. Rd2 Rb5 46. Bd4 Kh7 47. Ke3 Bf5 48. Kf4 Be6 49. Rd3 g5+ 50. Ke4 f5+ 51. exf6 Bf5+ 52. Ke3 Bxd3 53. Kxd3 Kg6 54. Ke4 h5 55. g3 Rf5 56. h3 h4 57. gxh4 Rf4+ 58. Ke5 Rxh4 59. Bc5 Rxh3 60. Ke6 Rh7 61. Bf8 Rh4 62. Bd6 Re4+ 63. Be5 Re3 64. f7 Rf3 65. Ke7 Rxf7+ 66. Ke6 g4 67. Kd5 Rf5 68. Ke4 Rxe5+ 69. Kxe5 g3 70. Kd5 g2 71. Ke4 g1Q 72. Kf4 Qe1 73. Kg4 Qe4+ 74. Kg3 Kg5 75. Kf2 Kg4 76. Kf1 Qc2 77. Kg1 Kg3 78. Kf1 Qd1# 0-1